| LEADER 00000nam 2200000uu 4500 |
| 008 131121s2539||||th 000 0 tha d |
| 020 ^a9746742043
|
| 041 0 ^atha
|
| 060 4 ^aวพ WK800 ธ685 2539
|
| 100 0 ธีราภา ธานี
|
| 245 10 รายงานวิทยานิพนธ์ เรื่อง ผลของการให้คำปรึกษาแบบกลุ่ม การฝึกสมาธิการฝึกออกกำลังกายที่มีต่อการดูแลตนเองด้านสุขภาพในผู้ป่วยสูงอายุโรคเบาหวาน โรงพยาบาลสมเด็จพระยุพราชเดชอุดม จังหวัดอุบลราชธานี /^cธีราภา ธานี
|
| 260 ^aขอนแก่น : ^bมหาวิทยาลัยขอนแก่น,^c2539
|
| 300 [ก]-ญ, 248 หน้า :^bภาพประกอบ
|
| 502 วิทยานิพนธ์ (ศษ.ม.)--สาขาวิชาการแนะแนวและให้คำปรึกษาบัณฑิตวิทยาลัย มหาวิทยาลัยขอนแก่น, 2539
|
| 650 4 การให้คำปรึกษาแบบกลุ่ม^zไทย^zอุบลราชธานี
|
| 650 4 การออกกำลังกาย
|
| 650 4 ผู้สูงอายุ^xการดูแล^zไทย^zอุบลราชธานี
|
| 650 4 เบาหวาน^xผู้ป่วย^xการดูแล^zไทย^zอุบลราชธานี
|
| 650 0 ^aวิทยานิพนธ์
|
| 710 2 มหาวิทยาลัยขอนแก่น.^bบัณฑิตวิทยาลัย.^bสาขาวิชาการแนะแนวและให้คำปรึกษา
|
| 999 ^aใช้งานได้ทุกระบบ
|